Datum a čas kvízu
43
Celkem bodů
Celkový počet nahraných bodů na tomto kvízu bez doplňovacích otázek.
1.
Pořadí na kvízu
Konečné umístění týmu na tomto kvízu.
Zaznamenané odpovědi
| # | Otázka | Odpověď | Body | Výsledky |
|---|---|---|---|---|
| 1. | Která postava má svou sněhovou... | Krakonoš | 1 | |
| 2. | V bavorském městečku Burgsinn... | Penny | 0 | |
| 3. | Minulý týden potvrdili konec s... | David Prachař; Linda Rybová | 1 | |
| 4. | Minulý týden byla na technolog... | lízátko (Lollipop Star) | 1 | |
| 5. | Jak se nazývá hlavní a druhé n... | Saint Paul | 1 | |
| 6. | Frank Lloyd Wright bývá označo... | Guggenheimovo muzeum | 0 | |
| 7. | Seřaďte uvedené události od té... | 1D 2B 3C 4A | 0 | |
| 8. | Jak si říká tento americký zpě... | Lenny Kravitz; New York City | 1 | |
| 9. | Turisté v NYC míří nejen do di... | 1D 2B 3C 4A | 1 | |
| 10. | Jak se jmenuje fiktivní město,... | Gotham (City); Bronx | 1 |